00225nam a2200097 a 4500008004100000050001800041100001800059245002000077350000900097700002100106120416s9999 xx |||||||||||||| || u aPQ 4807.U83R4 aBuzzati, Dino10aRestless nights a0.00 aVenuti, Lawrence